| 000 | 00708nmm a2200277 a 4500 | ||
|---|---|---|---|
| 003 | AR-BaBNM | ||
| 005 | 20251128203101.0 | ||
| 008 | 235020s2004 ||||||||||||||000 | spa|| | ||
| 020 | _a950-07-1927-4 | ||
| 040 | _cAR-BaBNM | ||
| 100 | 1 | _aPérez Aguilar, Graciela | |
| 245 | 1 | 0 | _aEl peludorrinco |
| 250 | _a3ª ed. | ||
| 260 |
_aBuenos Aires _bSudamericana _c2004 |
||
| 300 | 0 |
_a57 p. _bil. |
|
| 650 | 4 | _aLITERATURA CONTEMPORANEA | |
| 650 | 4 | _aLITERATURA ARGENTINA | |
| 650 | 4 | _aCUENTOS | |
| 650 | 4 | _aLIBROS PARA NINOS | |
| 653 | _aLITERATURA JUVENIL | ||
| 653 | _aLITERATURA FANTASTICA | ||
| 655 | _aLITERATURA | ||
| 700 | 1 |
_aDíaz, Julia _eilustrador |
|
| 942 | _cBK | ||
| 998 | _cme-solo cat | ||
| 999 |
_c1800 _d1800 |
||